Quiz powiat nowodworski (mazowieckie) - Statystyki

Ogólne statystyki
  • Ten quiz został rozwiązany 15 razy
  • Średni wynik to 10 z 15
Statystyki odpowiedzi
Pytanie Odpowiedz % Poprawnych
Gminy (nazwa) Nowy dwór mazowiecki
100%
Największe miejscowość Nowy dwór mazowiecki
100%
Województwo Mazowieckie
93%
Miejscowość gdzie leży lotnisko Modlin
93%
Gminy (nazwa) Nasielsk
93%
Największa gmina Nasielsk
93%
Tablice rejestracyjne WND
93%
Gminy (nazwa) Czosnów
71%
Gminy (nazwa) Pomiechówek
64%
Gminy (nazwa) Zakroczym
64%
Gminy (nazwa) Leoncin
57%
Kiedy powstał ten most 1911
14%
Numer drogi międzynarodowej E77
14%
Starosta Magdalena biernacka
7%
Nazwa mostu nad Wisłą Most józefa Piłsudskiego
7%
Nie znaleziono quizów pasujących do podanych kryteriów
Rozkład punktacji
Procent ludzi z każdym wynikiem
Percentyl według liczby udzielonych odpowiedzi
Twoja historia wyników
Nie rozwiązałeś tego quizu